[Event "Noisiel 5th op"]
[Site "Noisiel"]
[Date "2020.02.16"]
[Round "2"]
[White "Dubourg, Pierrick"]
[Black "Rostgaard, Tobias Valentin"]
[Result "1-0"]
[WhiteElo "1965"]
[BlackElo "2364"]
[PlyCount "141"]
[EventDate "2020.02.15"]
[EventType "swiss"]
[EventRounds "9"]
[EventCountry "FRA"]

1. e4 c5 2. Nf3 g6 3. d4 cxd4 4. Nxd4 Nf6 5. Nc3 d6 6. f3 Bg7 7. Be3 O-O 8. Qd2
Nc6 9. O-O-O d5 10. exd5 Nxd5 11. Nxc6 bxc6 12. Bd4 Bxd4 13. Qxd4 Qc7 14. Bc4
Nb6 15. Rhe1 Bf5 16. Qh4 Nxc4 17. Rxe7 Qb8 18. Qxc4 Qxh2 19. Re2 Rad8 20. Rde1
Qh6+ 21. Kb1 Rd2 22. Ne4 Bxe4 23. Qxe4 Rfd8 24. a3 R2d6 25. Qc4 Qg5 26. Re7 Rf6
27. R1e2 a6 28. Ra7 a5 29. Ree7 Qd5 30. Qc3 Rf5 31. Rac7 Rh5 32. Qe1 Qd1+ 33.
Qxd1 Rxd1+ 34. Ka2 Rf5 35. Re2 Rd6 36. b4 axb4 37. axb4 h5 38. Kb3 h4 39. c4 h3
40. gxh3 Rxf3+ 41. Ka4 Rxh3 42. c5 Rf6 43. Re8+ Kg7 44. Rec8 Rf1 45. Rxc6 Ra1+
46. Kb5 Rh4 47. Rb6 Rb1 48. Ka4 Ra1+ 49. Kb3 Rb1+ 50. Kc3 Rc1+ 51. Kb2 Rg1 52.
Rd8 Rc4 53. Kb3 Rgc1 54. Rbd6 g5 55. Rd4 R4c3+ 56. Ka4 Rg1 57. Kb5 g4 58. c6 g3
59. Rg4+ Kf6 60. Kb6 g2 61. Rdg8 Rb1 62. b5 Rcb3 63. R8g5 Rxb5+ 64. Rxb5 g1=Q+
65. Rxg1 Rxg1 66. c7 Rg8 67. Kb7 Ke6 68. c8=Q+ Rxc8 69. Kxc8 f5 70. Kc7 f4 71.
Kc6 1-0

[Event "Noisiel 5th op"]
[Site "Noisiel"]
[Date "2020.02.16"]
[Round "2"]
[White "Stepien, Jaroslaw"]
[Black "Noblecourt, Nicolas"]
[Result "1/2-1/2"]
[WhiteElo "1960"]
[BlackElo "1918"]
[PlyCount "118"]
[EventDate "2020.02.15"]
[EventType "swiss"]
[EventRounds "9"]
[EventCountry "FRA"]

1. e4 g6 2. d4 Nf6 3. Nc3 d5 4. exd5 Nxd5 5. Nf3 Nxc3 6. bxc3 Bg7 7. Bc4 O-O 8.
O-O c5 9. Rb1 Qc7 10. Qe2 Nc6 11. Rd1 Bg4 12. dxc5 Ne5 13. Bd5 e6 14. Be4 f5
15. Bxb7 Rab8 16. Bf4 Nxf3+ 17. Qxf3 Bxf3 18. Bxc7 Rxb7 19. Bd6 Bxd1 20. Rxb7
Rc8 21. Rxa7 Bxc2 22. a4 Bxc3 23. a5 Bd4 24. a6 Bxc5 25. Bxc5 Rxc5 26. f3 Bb3
27. Rd7 Ra5 28. a7 Bd5 29. h4 h6 30. Kf2 g5 31. hxg5 hxg5 32. Ke3 Ra3+ 33. Kd4
g4 34. fxg4 fxg4 35. g3 Kf8 36. Ke5 Ke8 37. Rg7 Ra4 38. Kd6 Kf8 39. Rc7 Ra3 40.
Ke5 Ke8 41. Rg7 Kd8 42. Kd6 Kc8 43. Rxg4 Ra6+ 44. Ke5 Kb7 45. Rg7+ Ka8 46. g4
Ra1 47. g5 Re1+ 48. Kd6 Bb7 49. g6 Kxa7 50. Re7 Kb6 51. g7 Rg1 52. Kxe6 Ba6 53.
Kd6 Bc4 54. Ke5 Kc6 55. Kf6 Kd6 56. Re4 Rf1+ 57. Kg5 Rg1+ 58. Rg4 Rxg4+ 59.
Kxg4 Ke7 1/2-1/2

[Event "Noisiel 5th op"]
[Site "Noisiel"]
[Date "2020.02.16"]
[Round "2"]
[White "Popov, Konstantin"]
[Black "Sahil, Tickoo"]
[Result "1/2-1/2"]
[WhiteElo "2391"]
[BlackElo "2275"]
[PlyCount "197"]
[EventDate "2020.02.15"]
[EventType "swiss"]
[EventRounds "9"]
[EventCountry "FRA"]

1. e4 e5 2. Nf3 Nc6 3. Bb5 a6 4. Ba4 Nf6 5. O-O Nxe4 6. d4 b5 7. Bb3 d5 8. dxe5
Be6 9. Qe2 Bc5 10. Nbd2 Nxd2 11. Bxd2 O-O 12. Rad1 Ne7 13. Be3 Bxe3 14. Qxe3
Bg4 15. c4 bxc4 16. Bxc4 Qb8 17. Bb3 c6 18. Rde1 Nf5 19. Qf4 Bxf3 20. Qxf3 Nd4
21. Qe3 Nxb3 22. axb3 Qb5 23. Rc1 Rab8 24. Rc3 c5 25. Qg5 Rb6 26. Rfc1 Rc6 27.
Qd2 d4 28. Rg3 Re8 29. Re1 Rg6 30. Qc2 Qa5 31. Rf1 Rxe5 32. b4 Qc7 33. f4 Rxg3
34. fxe5 Re3 35. bxc5 Rxe5 36. b4 g6 37. Qc4 a5 38. Qxd4 axb4 39. c6 Re6 40.
Qxb4 Rxc6 41. Qd4 Rc1 42. Rxc1 Qxc1+ 43. Kf2 Qc2+ 44. Kg3 Qf5 45. h4 f6 46.
Qd8+ Kg7 47. Kh2 Qe5+ 48. g3 Qe2+ 49. Kh3 Qe6+ 50. Kh2 h5 51. Qc7+ Qf7 52. Qd8
Qb7 53. Qd6 Kf7 54. Qd4 Qe7 55. Qd5+ Kg7 56. Qd4 Kh7 57. Qd5 Qe2+ 58. Kh3 Qe7
59. Kh2 f5 60. Qc4 Kg7 61. Qd4+ Kf7 62. Qd5+ Kf6 63. Qc6+ Kg7 64. Qc3+ Qf6 65.
Qc7+ Kh6 66. Qf4+ Kh7 67. Qc7+ Qg7 68. Qc4 Qd7 69. Qc3 Qe7 70. Qc4 Kg7 71. Qd4+
Kf7 72. Qc4+ Qe6 73. Qc7+ Ke8 74. Qb8+ Ke7 75. Qc7+ Qd7 76. Qc3 Qd6 77. Qe3+
Kd7 78. Qa7+ Ke6 79. Qe3+ Kf6 80. Qc3+ Qe5 81. Qc6+ Kg7 82. Qd7+ Kh6 83. Qd2+
Kh7 84. Qd7+ Qg7 85. Qd6 Qb2+ 86. Kh3 Qb7 87. Kh2 Kg7 88. Qd4+ Kf7 89. Qc4+ Ke7
90. Qd4 Ke6 91. Qc4+ Qd5 92. Qa6+ Kf7 93. Qa7+ Kf8 94. Qb8+ Ke7 95. Qc7+ Qd7
96. Qc3 Ke6 97. Qc4+ Qd5 98. Qc8+ Qd7 99. Qc4+ 1/2-1/2

[Event "Noisiel 5th op"]
[Site "Noisiel"]
[Date "2020.02.16"]
[Round "2"]
[White "Shirazi, Kamran"]
[Black "Galan, Francois"]
[Result "1/2-1/2"]
[WhiteElo "2362"]
[BlackElo "2025"]
[PlyCount "93"]
[EventDate "2020.02.15"]
[EventType "swiss"]
[EventRounds "9"]
[EventCountry "FRA"]

1. e4 e5 2. Nc3 Nf6 3. f4 d5 4. fxe5 Nxe4 5. d3 Nxc3 6. bxc3 d4 7. Nf3 c5 8. g3
Be7 9. Bg2 O-O 10. cxd4 cxd4 11. O-O Nc6 12. Rb1 Rb8 13. a4 Be6 14. Bd2 Qd7 15.
Rf2 b6 16. Rb5 Rbc8 17. Ng5 Bxg5 18. Bxg5 Ne7 19. Bxe7 Qxe7 20. Qa1 Rfd8 21. a5
Rc5 22. Qa3 Qc7 23. axb6 axb6 24. Rxc5 bxc5 25. Re2 g6 26. c4 dxc3 27. Qxc3 Rd4
28. h4 h5 29. Re4 Rxe4 30. Bxe4 Qb6 31. Kf2 Qa7 32. Ke3 Kg7 33. Kf4 Qb6 34. Ke3
Qa7 35. Bf3 Qe7 36. Kf2 Qa7 37. Qb2 Qc7 38. Qc3 Qa7 39. Bc6 Qa2+ 40. Ke3 Qh2
41. Qe1 Qb2 42. Kf4 Qd4+ 43. Qe4 Qf2+ 44. Qf3 Qd4+ 45. Qe4 Qf2+ 46. Qf3 Qd4+
47. Qe4 1/2-1/2

[Event "Noisiel 5th op"]
[Site "Noisiel"]
[Date "2020.02.16"]
[Round "2"]
[White "Le Pen, Steven"]
[Black "Pozdnjakov, Viatcheslav"]
[Result "0-1"]
[WhiteElo "2047"]
[BlackElo "2295"]
[PlyCount "188"]
[EventDate "2020.02.15"]
[EventType "swiss"]
[EventRounds "9"]
[EventCountry "FRA"]

1. e4 e6 2. d4 d5 3. Nc3 Nf6 4. e5 Nfd7 5. Nce2 c5 6. c3 Nc6 7. Nf3 b5 8. Nf4
Qb6 9. dxc5 Bxc5 10. Nd3 Be7 11. Be3 Qb8 12. Nd4 Ncxe5 13. Nxe5 Nxe5 14. Bxb5+
Bd7 15. Bxd7+ Nxd7 16. O-O Qb7 17. b3 O-O 18. Qg4 Rac8 19. Rac1 Nf6 20. Qe2
Rfd8 21. f3 Nd7 22. a4 Bf6 23. Qb5 Qc7 24. c4 Qe5 25. Bf2 Qg5 26. c5 Bxd4 27.
Bxd4 e5 28. f4 exf4 29. c6 f3 30. Rc2 Qg4 31. Qd3 Rxc6 32. Rcf2 Rg6 33. g3 Qe4
34. Rxf3 Qxd3 35. Rxd3 a6 36. Rf5 Rd6 37. b4 g6 38. Rf1 f6 39. Rc1 Ne5 40. Re3
Re6 41. b5 axb5 42. axb5 Re7 43. b6 Rdd7 44. Rb1 Kf7 45. Bc5 Re8 46. Bd4 Rb7
47. Rb5 Ke6 48. Kg2 Rc8 49. Re2 Rc4 50. Rd2 Nc6 51. Re2+ Kf7 52. Bc5 d4 53. Bd6
d3 54. Rd2 Rc2 55. Rxc2 dxc2 56. Bf4 Ke6 57. Rc5 Nd4 58. Rc4 Kd5 59. Rc7 Rxb6
60. Rxh7 Rc6 61. Rd7+ Ke4 62. Re7+ Kd3 63. Re3+ Kc4 64. Re1 g5 65. Bc1 Nb3 66.
Bb2 Kd3 67. h4 g4 68. h5 c1=Q 69. Bxc1 Nxc1 70. h6 Ne2 71. h7 Rc8 72. Rd1+ Ke3
73. Rd7 Rh8 74. Re7+ Kd3 75. Rd7+ Nd4 76. Re7 Nf3 77. Rf7 Ke3 78. Re7+ Ne5 79.
Re6 Rxh7 80. Rxf6 Rd7 81. Re6 Rd2+ 82. Kg1 Ke4 83. Re8 Ra2 84. Re7 Kf5 85. Re8
Nf3+ 86. Kf1 Nd2+ 87. Kg1 Ne4 88. Rf8+ Ke5 89. Rf4 Nf6 90. Kh1 Rd2 91. Kg1 Rd4
92. Rf2 Ne4 93. Re2 Rd3 94. Kh2 Rd2 0-1

[Event "Noisiel 5th op"]
[Site "Noisiel"]
[Date "2020.02.16"]
[Round "2"]
[White "Gavasheli, Ana"]
[Black "Houhou, Alexandre"]
[Result "1-0"]
[WhiteElo "2232"]
[BlackElo "2014"]
[PlyCount "71"]
[EventDate "2020.02.15"]
[EventType "swiss"]
[EventRounds "9"]
[EventCountry "FRA"]

1. c4 e5 2. Nc3 Nf6 3. g3 Nc6 4. Bg2 Bc5 5. e3 O-O 6. Nge2 a6 7. O-O d6 8. d4
Ba7 9. b3 exd4 10. Nxd4 Bd7 11. h3 h6 12. Bb2 Re8 13. Nxc6 Bxc6 14. Nd5 Nxd5
15. cxd5 Bb5 16. Re1 Qg5 17. Rc1 Bb6 18. a4 Bd7 19. b4 a5 20. b5 Bc5 21. Bd4 b6
22. Bxc5 bxc5 23. e4 Re7 24. Qd3 Qh5 25. Kh2 g5 26. e5 Rae8 27. g4 Bxg4 28. Qg3
Bc8 29. f4 Qg6 30. Be4 Bf5 31. Bf3 Kf8 32. Rg1 gxf4 33. Qh4 dxe5 34. Rxg6 Bxg6
35. Qxh6+ Kg8 36. Bh5 1-0

[Event "Noisiel 5th op"]
[Site "Noisiel"]
[Date "2020.02.16"]
[Round "2"]
[White "Labrande, Theodore"]
[Black "Koulitchenko, Alexandre"]
[Result "1-0"]
[WhiteElo "2021"]
[BlackElo "2181"]
[PlyCount "67"]
[EventDate "2020.02.15"]
[EventType "swiss"]
[EventRounds "9"]
[EventCountry "FRA"]

1. e4 c5 2. Nf3 Nc6 3. d4 cxd4 4. Nxd4 Nf6 5. Nc3 e5 6. Ndb5 d6 7. Bg5 a6 8.
Na3 b5 9. Nd5 Be7 10. Bxf6 Bxf6 11. c4 b4 12. Nc2 Rb8 13. b3 O-O 14. Be2 Be6
15. Qd3 Be7 16. Rd1 Re8 17. O-O Qa5 18. a3 bxa3 19. b4 Qd8 20. Qxa3 a5 21. b5
Bxd5 22. Rxd5 Nb4 23. Nxb4 axb4 24. Qxb4 Qb6 25. Ra1 Ra8 26. Ra4 Qb7 27. b6
Rxa4 28. Qxa4 Kf8 29. Qa7 Rb8 30. c5 f6 31. Qxb7 Rxb7 32. Ba6 Rb8 33. cxd6 Bd8
34. b7 1-0

[Event "Noisiel 5th op"]
[Site "Noisiel"]
[Date "2020.02.16"]
[Round "2"]
[White "Nair, Sanjeev"]
[Black "Bouton, Christophe"]
[Result "0-1"]
[WhiteElo "2172"]
[BlackElo "2001"]
[PlyCount "78"]
[EventDate "2020.02.15"]
[EventType "swiss"]
[EventRounds "9"]
[EventCountry "FRA"]

1. e4 e5 2. Nf3 Nc6 3. Bc4 Nf6 4. d3 Be7 5. O-O O-O 6. Re1 d6 7. a4 a6 8. a5
Be6 9. Nbd2 Bxc4 10. Nxc4 Nd4 11. c3 Nxf3+ 12. Qxf3 Nd7 13. b4 Bg5 14. Be3 Re8
15. Rac1 Re6 16. d4 Bxe3 17. Rxe3 Qe7 18. d5 Rg6 19. Nd2 Qg5 20. Nf1 Nf6 21. c4
Nh5 22. Rec3 Rf6 23. Qd1 Nf4 24. Ng3 h5 25. Qf1 h4 26. Ne2 Rg6 27. Nxf4 Qxf4
28. Qe2 Qg5 29. g3 hxg3 30. hxg3 Rf8 31. Kg2 f5 32. exf5 Rgf6 33. R1c2 Qxf5 34.
Rd2 Rh6 35. g4 Qf4 36. Rg3 Rh4 37. Rd1 Qh6 38. Rg1 Rh2+ 39. Kf1 Qc1+ 0-1

[Event "Noisiel 5th op"]
[Site "Noisiel"]
[Date "2020.02.16"]
[Round "2"]
[White "Helfer, Remi"]
[Black "Schmit, Vincent"]
[Result "1/2-1/2"]
[WhiteElo "2017"]
[BlackElo "2171"]
[PlyCount "22"]
[EventDate "2020.02.15"]
[EventType "swiss"]
[EventRounds "9"]
[EventCountry "FRA"]

1. e4 e5 2. Nc3 Nf6 3. Bc4 Nc6 4. d3 Na5 5. Nge2 Nxc4 6. dxc4 Bc5 7. O-O d6 8.
h3 Be6 9. Qd3 O-O 10. b3 Nh5 11. Na4 Bb6 1/2-1/2

[Event "Noisiel 5th op"]
[Site "Noisiel"]
[Date "2020.02.16"]
[Round "2"]
[White "Boulos, Carlos"]
[Black "Triger, Franck"]
[Result "1-0"]
[WhiteElo "2137"]
[BlackElo "1961"]
[PlyCount "29"]
[EventDate "2020.02.15"]
[EventType "swiss"]
[EventRounds "9"]
[EventCountry "FRA"]

1. e4 e5 2. Nf3 Nc6 3. Nc3 Nf6 4. Bb5 Nd4 5. O-O Nxb5 6. Nxb5 d6 7. d4 exd4 8.
Qxd4 Be7 9. e5 dxe5 10. Qxe5 O-O 11. Bg5 Bd7 12. Rad1 a6 13. Nxc7 Rc8 14. Rfe1
Bb4 15. Nd5 1-0

[Event "Noisiel 5th op"]
[Site "Noisiel"]
[Date "2020.02.16"]
[Round "2"]
[White "Godebert, Florian"]
[Black "Roebers, Eline"]
[Result "1-0"]
[WhiteElo "2002"]
[BlackElo "2129"]
[PlyCount "111"]
[EventDate "2020.02.15"]
[EventType "swiss"]
[EventRounds "9"]
[EventCountry "FRA"]

{[%evp 0,91,19,31,14,-2,14,16,24,6,34,14,11,-29,-24,-1,22,26,27,23,93,81,147,
125,132,98,114,114,114,160,160,115,191,132,132,8,27,8,76,65,136,107,175,104,
198,117,373,131,482,200,203,217,505,304,327,190,172,141,138,124,152,147,177,
178,162,215,361,138,139,135,232,145,232,163,232,204,205,205,196,244,226,185,
197,201,193,206,236,245,263,206,259,264,264,195]} 1. d4 Nf6 2. Bg5 d5 3. e3 e6
4. Nd2 c5 5. c3 Nc6 6. f4 Qc7 7. Ngf3 Nd7 8. Bd3 Bd6 9. Ne5 b6 10. O-O a5 11.
Qh5 Nf8 12. Bb5 Bxe5 13. fxe5 Ng6 14. Rf3 Ba6 15. Bxa6 Rxa6 16. Raf1 Ra7 17.
Qg4 h6 18. Bh4 h5 19. Qh3 cxd4 20. exd4 a4 21. a3 b5 22. Bg5 Na5 23. R3f2 Nb7
24. Nf3 Nd8 25. Ne1 Nb7 26. Nd3 Qd7 27. Qf3 Na5 28. Nc5 Qc6 29. Qh3 Rc7 30. Nd3
Nb7 31. Nb4 Qb6 32. Qd3 Na5 33. Qe2 Nc6 34. Nd3 Nf8 35. Kh1 g6 36. Ne1 Qb7 37.
Bf6 Rg8 38. Qe3 Ne7 39. Bxe7 Rxe7 40. Nf3 Rg7 41. Qh6 Rh7 42. Qf4 Nd7 43. Ng5
Rg7 44. Nf3 Rh7 45. Ng5 Rg7 46. Rf3 Qc7 47. g4 hxg4 48. Qxg4 Qc4 49. Qh3 Rg8
50. Nxf7 Qc6 51. Nd6+ Kd8 52. Rf7 Rxf7 53. Rxf7 b4 54. axb4 Qa6 55. b5 Qb6 56.
Qxe6 1-0

[Event "Noisiel 5th op"]
[Site "Noisiel"]
[Date "2020.02.16"]
[Round "2"]
[White "Ahmed Holi Ali, Moawia"]
[Black "Azymah, Remy"]
[Result "1-0"]
[WhiteElo "2121"]
[BlackElo "1932"]
[PlyCount "135"]
[EventDate "2020.02.15"]
[EventType "swiss"]
[EventRounds "9"]
[EventCountry "FRA"]

{[%evp 0,87,14,14,13,-14,43,41,41,16,13,3,21,19,34,35,46,3,-5,-1,10,-11,4,-23,
3,-7,-9,-44,-16,-36,-34,-37,-34,-42,-40,-47,-49,-43,-17,-48,-19,-60,-43,-35,
-19,-44,-49,-51,-34,-34,-39,-41,-52,-32,-32,-80,-32,-81,-73,-102,-62,-74,-92,
-96,-100,-122,-112,-132,-115,-96,-88,-147,-107,-124,-125,-165,-107,-110,-109,
-102,-108,-104,-106,-109,-104,-109,-76,-79,-74,-78]} 1. d4 Nf6 2. c4 g6 3. Nf3
Bg7 4. g3 O-O 5. Bg2 d6 6. O-O Nbd7 7. Nc3 e5 8. d5 a5 9. b3 Nc5 10. h3 Re8 11.
Re1 Nfe4 12. Nxe4 Nxe4 13. Nh2 Ng5 14. Bxg5 Qxg5 15. e4 f5 16. h4 Qe7 17. Bh3
Bd7 18. Rc1 b6 19. a4 Rf8 20. Qe2 Rf7 21. exf5 gxf5 22. Qh5 Qf6 23. Rc2 Qg6 24.
Qxg6 hxg6 25. Rce2 Bf6 26. Nf3 Rd8 27. Kg2 Rg7 28. Nd2 g5 29. hxg5 Bxg5 30. Nf3
Bf6 31. Kf1 Kf7 32. Ng1 Rdg8 33. Re3 Ke7 34. Ne2 Kd8 35. f4 e4 36. Rd1 Rh8 37.
Bg2 Be8 38. Nd4 Bxd4 39. Rxd4 Bh5 40. Rd2 Bg4 41. Kg1 Bh3 42. Bh1 Rgh7 43. Rh2
Bg4 44. Rxh7 Rxh7 45. Bg2 Bd1 46. Bf1 Ke7 47. Be2 Bxe2 48. Rxe2 Kf6 49. Kg2 Kg6
50. Re1 Kf6 51. Rb1 Rh8 52. Ra1 Re8 53. Rh1 Kg6 54. Kf2 Re7 55. Rh8 Rh7 56.
Rg8+ Rg7 57. Re8 Kh5 58. Re6 Rf7 59. Kg2 Rf8 60. Re7 Kg6 61. Rxc7 Re8 62. Kf2
e3+ 63. Ke2 Kh5 64. Rg7 Kh6 65. Rd7 Kh5 66. Rxd6 Rg8 67. Kf3 Re8 68. Re6 1-0

[Event "Noisiel 5th op"]
[Site "Noisiel"]
[Date "2020.02.16"]
[Round "2"]
[White "Yuan, Beline"]
[Black "Gherghinoiu, Lucas"]
[Result "0-1"]
[WhiteElo "1923"]
[BlackElo "2120"]
[PlyCount "122"]
[EventDate "2020.02.15"]
[EventType "swiss"]
[EventRounds "9"]
[EventCountry "FRA"]

{[%evp 0,35,19,19,23,-11,-13,4,6,-28,7,21,14,24,29,22,30,32,26,34,33,25,32,19,
23,34,18,21,17,26,6,-3,62,55,45,43,17,4]} 1. d4 d5 2. c4 e6 3. Nc3 Nf6 4. Bg5
Be7 5. e3 O-O 6. Nf3 h6 7. Bh4 b6 8. cxd5 Nxd5 9. Bxe7 Qxe7 10. Nxd5 exd5 11.
Be2 Be6 12. O-O Nd7 13. Rc1 c5 14. b3 Rac8 15. Qd2 f5 16. Ba6 Rc7 17. dxc5 bxc5
18. Nd4 Nf6 19. Qa5 Rf7 20. Nxe6 Qxe6 21. Rfd1 Qb6 22. Qa3 Rfd7 23. Bd3 g6 24.
Qa4 Kg7 25. Rc2 Rd6 26. Be2 Rc8 27. Qf4 Re8 28. Bf3 d4 29. Rcd2 Rde6 30. Rd3
dxe3 31. fxe3 c4 32. Qxc4 Rxe3 33. Kf1 Rxd3 34. Qxd3 Qe6 35. Qd6 Qe3 36. Qd4 g5
37. h3 Kg6 38. Qxe3 Rxe3 39. Rc1 Re7 40. Rc6 Kg7 41. Rc5 g4 42. hxg4 fxg4 43.
Bc6 h5 44. b4 h4 45. Rc4 Kg6 46. Kf2 Kg5 47. Rc5+ Kf4 48. Rc4+ Kg5 49. Rc5+ Kf4
50. Rc4+ Ne4+ 51. Rxe4+ Rxe4 52. Bxe4 Kxe4 53. a4 Kd4 54. b5 Kc5 55. Ke3 Kb4
56. Kf4 h3 57. gxh3 gxh3 58. Kg3 Kxa4 59. Kxh3 Kxb5 60. Kg4 a5 61. Kf3 a4 0-1

[Event "Noisiel 5th op"]
[Site "Noisiel"]
[Date "2020.02.16"]
[Round "2"]
[White "Toure, Vasanth"]
[Black "Olivier, Philippe"]
[Result "1-0"]
[WhiteElo "2115"]
[BlackElo "1919"]
[PlyCount "75"]
[EventDate "2020.02.15"]
[EventType "swiss"]
[EventRounds "9"]
[EventCountry "FRA"]

{[%evp 0,66,19,25,40,36,21,3,2,-1,-7,-7,-7,-7,-8,-11,14,19,15,-2,29,-5,17,9,8,
6,-10,-31,31,13,13,0,0,4,10,14,13,15,13,-22,-4,-4,64,28,64,-30,79,78,98,110,83,
85,130,60,156,155,150,165,165,162,131,128,132,107,149,161,226,181,257]} 1. e4
e6 2. d4 d5 3. Nd2 Nf6 4. e5 Nfd7 5. Ngf3 c5 6. c3 Nc6 7. Bd3 Be7 8. O-O O-O 9.
Re1 Qc7 10. Qe2 cxd4 11. cxd4 Nb4 12. Nb3 Nxd3 13. Qxd3 a5 14. Bg5 Qd8 15. h4
b6 16. Bxe7 Qxe7 17. Ng5 g6 18. Qe3 Ba6 19. h5 Rfc8 20. Rac1 Nf8 21. Nf3 Kg7
22. a3 Ra7 23. Rxc8 Bxc8 24. h6+ Kg8 25. Rc1 Bd7 26. Nh2 f5 27. exf6 Qxf6 28.
Ng4 Qf5 29. Ne5 g5 30. Nd2 Ng6 31. Nxg6 Qxg6 32. Qe5 Be8 33. Rc8 Rb7 34. Nf3
Re7 35. Qd6 Qf6 36. Ne5 Qf8 37. Nc6 Rf7 38. Qxe6 1-0

[Event "Noisiel 5th op"]
[Site "Noisiel"]
[Date "2020.02.16"]
[Round "2"]
[White "Brehaut, Carl"]
[Black "Peric, Slavisa"]
[Result "0-1"]
[WhiteElo "1918"]
[BlackElo "2081"]
[PlyCount "106"]
[EventDate "2020.02.15"]
[EventType "swiss"]
[EventRounds "9"]
[EventCountry "FRA"]

{[%evp 0,40,25,26,36,6,6,6,11,20,20,-22,10,22,67,34,40,38,37,43,33,28,62,69,
120,48,29,34,69,48,48,57,52,38,9,24,52,33,42,34,40,40,40]} 1. d4 e6 2. c4 Nf6
3. Nc3 Bb4 4. Nf3 d5 5. Bg5 Nbd7 6. e3 c5 7. cxd5 exd5 8. Be2 Qa5 9. O-O Bxc3
10. bxc3 Ne4 11. c4 O-O 12. Bd3 cxd4 13. exd4 Ndf6 14. Bxf6 Nxf6 15. Qb3 b6 16.
Ne5 Be6 17. Nc6 dxc4 18. Bxc4 Bxc4 19. Qxc4 Qa3 20. Rfe1 Rac8 21. Rac1 Kh8 22.
Qb3 Qxb3 23. axb3 Rc7 24. Ne5 Rb7 25. Rc6 Rd8 26. Rec1 h6 27. Rc8 Rxc8 28.
Rxc8+ Kh7 29. Kf1 Nd5 30. Rd8 Nf4 31. g3 Ne6 32. Rd6 Ng5 33. d5 Ne4 34. Rc6 f6
35. Nc4 Rd7 36. d6 b5 37. Rc7 Rd8 38. Ne3 Rxd6 39. Ke1 Nd2 40. Nf5 Nf3+ 41. Kf1
Rd5 42. Rxg7+ Kh8 43. Ne3 Kxg7 44. Nxd5 Nd2+ 45. Ke2 Nxb3 46. Kd3 a5 47. Nc3
Nc5+ 48. Kc2 b4 49. Nd5 Kf7 50. Ne3 Ke6 51. f3 a4 52. Nc4 Kd5 53. Nd2 Kd4 0-1

[Event "Noisiel 5th op"]
[Site "Noisiel"]
[Date "2020.02.16"]
[Round "3"]
[White "Hansen, Mads"]
[Black "Moussard, Jules"]
[Result "0-1"]
[WhiteElo "2394"]
[BlackElo "2608"]
[PlyCount "104"]
[EventDate "2020.02.15"]
[EventType "swiss"]
[EventRounds "9"]
[EventCountry "FRA"]

{[%evp 0,104,40,36,54,48,37,29,40,31,69,38,27,23,26,45,47,34,23,22,2,-12,-9,-9,
-4,-4,-4,-11,7,10,12,10,10,-39,-43,-60,-21,-38,-77,-35,-29,-47,-55,-82,-60,-60,
-57,-69,-69,-94,-88,-78,-65,-85,-97,-82,-36,-45,-45,-45,-45,-63,-1,-18,-3,-11,
0,-31,-33,-40,-35,-62,-51,-34,-31,-92,-110,-103,-65,-65,0,-115,-103,-200,-158,
-160,-156,-156,-176,-176,-176,-160,-150,-209,-105,-110,-47,-92,-54,-70,-60,-54,
-60,-106,-101,-136,-99]} 1. e4 c5 2. Nf3 e6 3. d4 cxd4 4. Nxd4 a6 5. c4 Nf6 6.
Nc3 Qc7 7. Be2 Bb4 8. Qd3 O-O 9. Bd2 Nc6 10. Nxc6 dxc6 11. O-O Rd8 12. Qc2 Bc5
13. Rad1 e5 14. Na4 Bd4 15. c5 Be6 16. Bc3 Bxc3 17. bxc3 Qa5 18. Rxd8+ Rxd8 19.
Rb1 Rd7 20. Kf1 Qd8 21. Ke1 Qe7 22. Rb4 h5 23. Bf3 g6 24. Qe2 Kg7 25. Rb2 Bg4
26. Bxg4 hxg4 27. Nb6 Rd8 28. Nc4 Rh8 29. Qd3 Rd8 30. Qe3 Nh5 31. g3 Nf6 32. a4
Nh7 33. a5 Ng5 34. Nd6 Rd7 35. Kd1 Ne6 36. Rd2 Rd8 37. Kc1 Qc7 38. Nc4 Rxd2 39.
Kxd2 Qe7 40. Nd6 Qd8 41. f4 gxf3 42. Ke1 Qxa5 43. Qxf3 Ng5 44. Qe3 Qa1+ 45. Ke2
Ne6 46. h4 Qb2+ 47. Kf1 Qb1+ 48. Kg2 Qc2+ 49. Kh3 Qd1 50. Qf2 Nd8 51. g4 Qc1
52. g5 Qf4 0-1

[Event "Noisiel 5th op"]
[Site "Noisiel"]
[Date "2020.02.16"]
[Round "3"]
[White "Jonkman, Harmen"]
[Black "Nikolov, Momchil"]
[Result "0-1"]
[WhiteElo "2385"]
[BlackElo "2539"]
[PlyCount "68"]
[EventDate "2020.02.15"]
[EventType "swiss"]
[EventRounds "9"]
[EventCountry "FRA"]

{[%evp 0,44,36,20,48,38,37,-1,-3,-12,-4,-2,-8,8,34,54,39,29,27,3,8,-13,26,24,
40,9,42,17,46,21,21,0,9,11,11,10,39,20,60,62,89,52,51,39,121,118,160]} 1. e4 c5
2. Nf3 Nc6 3. c3 d5 4. exd5 Qxd5 5. d4 Bg4 6. Be2 cxd4 7. cxd4 e6 8. Nc3 Bb4 9.
h3 Bxf3 10. Bxf3 Qa5 11. O-O Nge7 12. Ne2 Rd8 13. Qb3 O-O 14. Rd1 Qb6 15. Be4
Nd5 16. Bg5 Rd7 17. Rac1 Rc8 18. Nf4 Nxf4 19. Bxf4 Rcd8 20. d5 exd5 21. Bf5 Nd4
22. Rxd4 Qxd4 23. Be3 Qe5 24. Bxd7 Bd6 25. f4 Qe4 26. Bg4 Re8 27. Rc8 Rxc8 28.
Bxc8 d4 29. Bd2 Qe2 30. Qa4 Qxd2 31. Qe8+ Bf8 32. Bxb7 Qc1+ 33. Kh2 Qxf4+ 34.
Kh1 Qc1+ 0-1

[Event "Noisiel 5th op"]
[Site "Noisiel"]
[Date "2020.02.16"]
[Round "3"]
[White "Bonte, Andrei Mihai"]
[Black "Enchev, Ivajlo"]
[Result "1/2-1/2"]
[WhiteElo "2302"]
[BlackElo "2496"]
[PlyCount "112"]
[EventDate "2020.02.15"]
[EventType "swiss"]
[EventRounds "9"]
[EventCountry "FRA"]

{[%evp 0,28,20,30,23,27,24,22,22,7,30,9,9,-5,9,-1,-3,12,16,-12,85,65,76,42,48,
66,53,62,53,54,93]} 1. d4 Nf6 2. Nf3 d5 3. c4 e6 4. Nc3 a6 5. cxd5 exd5 6. Bf4
Bd6 7. Bg3 O-O 8. e3 Bg4 9. Be2 Ne4 10. Qb3 Nxc3 11. bxc3 Ra7 12. Bh4 Qd7 13.
Qxd5 Be6 14. Qh5 h6 15. Ne5 Bxe5 16. Qxe5 Qc6 17. O-O Bd5 18. Bg3 b5 19. a4 Nd7
20. Qe7 Rb7 21. axb5 axb5 22. f3 f5 23. e4 Bc4 24. Bxc4+ bxc4 25. Kh1 Nf6 26.
Be5 Re8 27. Qa3 fxe4 28. Bxf6 Qxf6 29. fxe4 Qg6 30. e5 Rb3 31. Qa5 c6 32. Qc5
Rxc3 33. Rac1 Qd3 34. Qxc6 Rd8 35. Rcd1 Qe3 36. Rde1 Rf8 37. h3 Rxf1+ 38. Rxf1
Rc1 39. Qc8+ Kh7 40. Qf5+ Kh8 41. Rxc1 Qxc1+ 42. Kh2 c3 43. e6 Qa3 44. e7 Qxe7
45. Qc8+ Kh7 46. Qxc3 Qe4 47. Qd2 Kg6 48. d5 Qe5+ 49. Kg1 Kf7 50. d6 Ke8 51.
Qd3 Qe1+ 52. Kh2 Qe5+ 53. Qg3 Qf6 54. h4 Kd7 55. Kh3 Qe6+ 56. Qg4 Kxd6 1/2-1/2

[Event "Noisiel 5th op"]
[Site "Noisiel"]
[Date "2020.02.16"]
[Round "3"]
[White "Mohammad, Nubairshah Shaikh"]
[Black "Shailesh, Dravid"]
[Result "0-1"]
[WhiteElo "2415"]
[BlackElo "2269"]
[PlyCount "126"]
[EventDate "2020.02.15"]
[EventType "swiss"]
[EventRounds "9"]
[EventCountry "FRA"]

{[%evp 0,34,23,24,24,7,8,41,45,67,77,67,88,68,116,91,92,94,103,94,97,74,74,75,
94,95,99,66,125,80,62,89,115,82,96,60,61]} 1. d4 Nf6 2. c4 c5 3. d5 e6 4. Nc3
exd5 5. cxd5 d6 6. e4 g6 7. h3 Bg7 8. Nf3 O-O 9. Bd3 a6 10. a4 Nbd7 11. O-O Nh5
12. Bg5 Bf6 13. Be3 Rb8 14. a5 b5 15. axb6 Rxb6 16. Ra2 Ne5 17. Be2 Nxf3+ 18.
Bxf3 Ng7 19. Qd2 Rb4 20. Be2 Qb6 21. Rfa1 Qb8 22. Bd3 Be5 23. Bh6 a5 24. Nd1 c4
25. Bb1 Bd7 26. Qc1 Qc8 27. Bf4 Nh5 28. Bxe5 dxe5 29. Rxa5 Nf4 30. Qd2 Rb3 31.
R1a3 Bxh3 32. Rxb3 cxb3 33. gxh3 Qxh3 34. Ne3 Rc8 35. Bd3 Nxd3 36. Qxd3 Rc1+
37. Qf1 Rxf1+ 38. Nxf1 Qg4+ 39. Ng3 h5 40. Kh2 h4 41. Nf1 Qf3 42. Kg1 Qg4+ 43.
Kh2 Qxe4 44. Ne3 Qf3 45. Kg1 h3 46. d6 h2+ 47. Kxh2 Qxf2+ 48. Ng2 Qd4 49. Ra8+
Kg7 50. Rd8 Qxb2 51. Rb8 Qd4 52. Rxb3 Qxd6 53. Rg3 e4 54. Ne3 Qe5 55. Kg2 f5
56. Rg5 Qb2+ 57. Kh3 Qc3 58. Rg3 Qc8 59. Ng2 Qh8+ 60. Nh4 Kf7 61. Rg1 Qh5 62.
Rxg6 Qxh4+ 63. Kxh4 Kxg6 0-1